Statistiques concernant 150 Personnages de Fiction

Cliquez ici pour prendre le quiz!

Statistiques générales

  • Ce quiz a été pris 459 fois
  • Le résultat moyen est 59 sur 150

Statistiques - réponses

Personnage Univers % Correct
Crochet, CapitainePeter Pan
93%
Buzz l'EclairToy Story
90%
PanoramixAstérix
89%
Cruella d'EnferLes 101 Dalmatiens
88%
YoshiMario
87%
Archibald Haddock, CapitaineTintin
86%
PumbaaLe Roi Lion
86%
Ronald Bilius 'Ron' WeasleyHarry Potter
86%
BourriquetWinnie l'Ourson
83%
Flash McQueenCars
82%
JafarAladdin
81%
Son GokuDragon Ball
80%
Dexter MorganDexter
78%
Frodon SacquetLe Seigneur des Anneaux
78%
Daenerys TargaryenLe Trône de Fer
77%
Christian GreyCinquante Nuances de Grey
77%
GargamelLes Schtroumpfs
74%
Lara CroftTomb Raider
74%
Ned FlandersLes Simpson
73%
Michael Moutarde, ColonelCluedo
73%
LinkZelda
73%
Padmé AmidalaStar Wars
72%
Robert 'Rocky' Balboa Sr.Rocky
72%
Ronald McDonaldMcDonald's
69%
Willy WonkaCharlie et la Chocolaterie
69%
Sacha KetchumPokémon
67%
Meredith Grey, Dr.Grey's Anatomy
67%
Ti BiscuitShrek
64%
Jolly JumperLucky Luke
64%
Tinky WinkyLes Télétubbies
62%
Charles Phillip IngallsLa Petite Maison dans la Prairie
62%
Petit TonnerreYakari
60%
Monkey D. LuffyOne Piece
59%
Alfred PennyworthBatman
59%
Robert 'Fatal Bazooka' LafondueFatal
59%
BarbidulBarbapapa
58%
Eliza DelajungleLa Famille Delajungle
58%
Eric Théodore CartmanSouth Park
57%
Hélène 'Elastigirl' ParrLes Indestructibles
57%
Thomas O'MalleyLes Aristochats
57%
Bugs BunnyLooney Tunes
56%
Walter WhiteBreaking Bad
56%
Sheldon Lee Cooper, Dr.The Big Bang Theory
55%
Vito 'Corleone' AndoliniLe Parrain
55%
Mary Jane WatsonSpider-Man
55%
Godefroy 'le Hardi' Amaury de MalefèteLes Visiteurs
54%
Michael ScofieldPrison Break
52%
Sasuke UchiwaNaruto
52%
Patrick JaneMentalist
49%
John WatsonSherlock Holmes
49%
Eugène KrabsBob l'Eponge
48%
Piper HalliwellCharmed
47%
Lynette ScavoDesperate Housewives
47%
Rick GrimesThe Walking Dead
46%
KrokmouDragons
46%
Thomas A. 'Neo' AndersonMatrix
46%
Virginia 'Pepper' PottsIron Man
44%
Fox MulderX-Files
44%
Manfred 'Manny'L'Âge de Glace
44%
Antonio 'Tony' MontanaScarface
43%
Anna d'ArendelleLa Reine des Neiges
43%
Chihiro OginoLe Voyage de Chihiro
43%
Rachel Karen GreenFriends
42%
BaymaxLes Nouveaux Héros
42%
Jack DawsonTitanic
40%
BétamècheArthur et les Minimoys
40%
James Tiberius KirkStar Trek
38%
Leroy Jethro GibbsNCIS
38%
Maximus Decimus MeridiusGladiator
36%
Light YagamiDeath Note
36%
John Ross 'J.R.' Ewing IIDallas
35%
QuickosQuick
35%
Ellen Louise RipleyAlien
35%
Lucy PevensieLe Monde de Narnia
34%
Carole PaddleKid Paddle
34%
Dominic 'Dom' TorettoFast & Furious
34%
Le ChiffreJames Bond
34%
Jack SkellingtonL'Etrange Noël de Monsieur Jack
33%
James Darrell 'Agent J' Edwards IIIMen in Black
32%
Yûgi MutoYu-Gi-Oh!
32%
KratosGod of War
32%
John McClaneDie Hard
31%
Nathan 'Nate' DrakeUncharted
30%
Triste SireRobin des Bois
30%
Natsu DragnirFairy Tail
29%
Vanellope von SchweetzLes Mondes de Ralph
29%
AgumonDigimon
29%
Altaïr Ibn La-AhadAssassin's Creed
29%
Miles 'Tails' ProwerSonic
28%
Dean WinchesterSupernatural
27%
Ethan Matthew HuntMission Impossible
27%
Mia WallacePulp Fiction
26%
Monsieur CulbutoOui-Oui
26%
Duncan MacLeodHighlander
26%
Hamato 'Splinter' YoshiTortues Ninja
25%
AladarDinosaure
25%
Samuel 'Sam' FisherSplinter Cell
25%
JarodLe Caméléon
24%
Neytiri Dis'kahan Mo'at'iteyAvatar
24%
Mojo JojoLes Supers Nanas
24%
Jonathan 'Jack' O'NeilStargate
24%
Tyler DurdenFight Club
23%
Mitch BuchannonAlerte à Malibu
23%
Robert LangdonAnges et Démons (et suites)
23%
GloboxRayman
23%
Claire BennetHeroes
22%
Will ByersStranger Things
22%
Bakari 'Driss' BassariIntouchables
21%
Geralt de RivThe Witcher
21%
Rick J. SanchezRick et Morty
20%
Jon ArbuckleGarfield
20%
YoshimitsuTekken
20%
Tristepin de PercedalWakfu
19%
GalbatorixEragon
19%
Mavis DraculaHôtel Transylvanie
19%
Michael KnightK2000
19%
Claire RedfieldResident Evil
18%
John SteedChapeau Melon et Bottes de Cuir
18%
Thomas 'Tommy' Michael ShelbyPeaky Blinders
17%
Ken MastersStreet Fighter
17%
Joseph 'Joe' DreddJudge Dredd
17%
Joseph Albert Nefario, Dr.Moi, Moche et Méchant
16%
Sydney Anne BristowAlias
15%
Walter Joseph 'Rorschach' KovacsWatchmen
15%
Antoine BailleulBienvenue chez les Ch'tis
14%
Jackson 'Jax' TellerSons of Anarchy
14%
Blake Alexander CarringtonDynastie
14%
Ramon TafraiseOasis
14%
QuickyNesquik
13%
Ewilan Gil' SayanLa Quête d'Ewilan
12%
John BlacksadBlacksad
12%
Paul AtréidesDune
12%
La MangousteXIII
12%
Henry James 'Hank' Moody IIICalifornication
11%
HébusLanfeust
10%
John HartiganSin City
10%
Snake PlisskenNew York 1997 / Los Angeles 2013
10%
OuafOu est Charlie?
9%
Vivian 'Viv' WardPretty Woman
9%
Alex J. MercerPrototype
9%
Don Lope de Villalobos y SangrinDe Cape & de Crocs
8%
Kenzô Tenma, Dr.Monster
8%
Robert NevilleJe suis une Légende
8%
Terrence MeyerDream Land
7%
Shûya NanaharaBattle Royale
7%
BragonLa Quête de l'Oiseau du Temps
6%
John DifoolL'Incal
6%
Garruk LanguebestionMagic The Gathering
6%
Thomas J. WardL'Epouvanteur
5%
Angelino 'Lino'Mutafukaz
5%

Distribution des résultats

Percentile by Number Answered

% des personnes avec chaque résultat

Votre développement - résultats

Vous n’avez pas pris ce quiz